000 01111cam a22003137a 4500
003 CHAP
005 20220329140401.0
008 971013s1972 r 00010 d
010 _a51205
011 _a52177
035 _a56327
040 _cCHAP
082 _a634.9016
_bW3
100 0 0 _aWalters, John.
_9120981
245 1 3 _aAn annotated bibliography of reports, theses and publication pertaining to the research forest of the University of British Columbia 1968-71 inclusive
260 _aVancouver :
_bUniversity of Brithis Columbia,
_c1972
300 _a59 h.
590 _aBATCH-UPD
_b10
_c20130110
_lUCH01
_h0507
590 _aBATCH-UPD
_b10
_c20130110
_lUCH01
_h2238
590 _aBATCH-UPD
_b10
_c20130410
_lUCH01
_h0145
590 _aBATCH-UPD
_b10
_c20130410
_lUCH01
_h1623
590 _aBATCH-UPD
_b10
_c20130914
_lUCH01
_h0715
590 _aCONVERSION
_b10
_c20130109
_lUCH01
_h1328
650 1 4 _aBosques
_xCanadá
_xBibliografía.
_914103
650 1 4 _aCanadá
_xBosques
_xInvestigación.
_918228
901 _aBK
942 _cLIBRO
949 _a634.9016 W3
_bBC
_cC
_d33724000648655
_eC
_h4339
_i56327
_mD
_si
999 _c51205
_d51205